Alkyd resin from rubber seed oil (Record no. 47386)
[ view plain ]
| 000 -LEADER | |
|---|---|
| fixed length control field | 00864nam a2200133Ia 4500 |
| 100 ## - MAIN ENTRY--AUTHOR NAME | |
| Personal name | Njoku Obioma U |
| 245 #0 - TITLE STATEMENT | |
| Title | Alkyd resin from rubber seed oil |
| 520 ## - SUMMARY, ETC. | |
| Summary, etc | Rubber seed is reported to contain about 42;oil, which is semi-drying type oil. Rubber seed oil used in the present study was prepared by extracting the seed with petroleum ether. Two types of modified alkyds were prepared from the refined rubber seed oil and these were used for the production of white gloss paint. The viscosity values of the paints were comparable but the drying characteristics were different. The level of unsaturated fatty acids such as linolenic and linoleic acids is found to be the deciding factor, which helps drying. |
| 650 ## - SUBJECT ADDED ENTRY--TOPICAL TERM | |
| Topical Term | Alkyd resins |
| 650 ## - SUBJECT ADDED ENTRY--TOPICAL TERM | |
| Topical Term | Rubber seed oil |
| 700 ## - ADDED ENTRY--PERSONAL NAME | |
| Personal name | Ononogbu Ikpendu C |
| 942 ## - ADDED ENTRY ELEMENTS (KOHA) | |
| Koha item type | Bibliography RLSE |
| Withdrawn status | Lost status | Damaged status | Not for loan | Home library | Current library | Date acquired | Koha item type |
|---|---|---|---|---|---|---|---|
| Bibliography | RRII Library | RRII Library | 31/12/2021 | Bibliography RLSE |